[Event "WCh U20 Girls"]
[Site "Pune"]
[Date "2014.10.17"]
[Round "11"]
[White "Goryachkina, Aleksandra"]
[Black "Zhai, Mo"]
[Result "1-0"]
[WhiteElo "2430"]
[BlackElo "2339"]
[PlyCount "163"]
[EventDate "2014.10.06"]
[EventType "swiss"]
[EventRounds "13"]
[EventCountry "IND"]

1. d4 Nf6 2. c4 e6 3. Nf3 d5 4. Nc3 Bb4 5. Bg5 h6 6. Bxf6 Qxf6 7. Qa4+ Nc6 8.
e3 O-O 9. Be2 Bd7 10. Qc2 dxc4 11. O-O Na5 12. Ne5 Qe7 13. Ne4 Rfd8 14. a3 Bd6
15. Nxc4 Nxc4 16. Bxc4 Bc6 17. Nxd6 cxd6 18. Rfd1 Rac8 19. Qb3 Be4 20. Rac1 Qg5
21. Bf1 Qa5 22. Qb4 Qxb4 23. axb4 a6 24. Rc3 Rxc3 25. bxc3 d5 26. Rc1 Rc8 27.
f3 Bg6 28. c4 dxc4 29. Rxc4 Rxc4 30. Bxc4 Kf8 31. Kf2 Ke7 32. e4 f6 33. Ke3 Be8
34. f4 f5 35. d5 Bf7 36. exf5 exd5 37. Bd3 h5 38. Kd4 Kd6 39. g3 Be8 40. h3 Ba4
41. Be2 h4 42. gxh4 Bc2 43. f6 gxf6 44. h5 Ke6 45. h6 Kf7 46. Kxd5 Kg6 47. h4
Kxh6 48. Ke6 Kg7 49. Bf1 Bb3+ 50. Ke7 Bd1 51. Bd3 Bf3 52. Ke6 Bg4+ 53. f5 Bf3
54. Ke7 Bd1 55. Ke6 Bf3 56. Kd6 Kh6 57. Kd7 Kg7 58. Kc7 Kh6 59. Kd6 Kg7 60. Bc2
Kh6 61. Bb1 Kh7 62. Ba2 Kg7 63. Be6 Kh6 64. Ke7 Kg7 65. Kd7 Bc6+ 66. Kc7 Be4
67. Bc8 Kh6 68. Bxb7 Bxf5 69. Bxa6 Kh5 70. Be2+ Kxh4 71. b5 Be4 72. b6 Ba8 73.
Bb5 f5 74. Bc6 Bxc6 75. Kxc6 f4 76. b7 f3 77. b8=Q Kh3 78. Qf4 Kg2 79. Qg4+ Kf2
80. Kd5 Ke3 81. Qe4+ Kf2 82. Kd4 1-0

[Event "WCh U20 Girls"]
[Site "Pune"]
[Date "2014.10.17"]
[Round "11"]
[White "Padmini, Rout"]
[Black "Chumpitaz, Ann"]
[Result "1/2-1/2"]
[WhiteElo "2331"]
[BlackElo "2201"]
[PlyCount "110"]
[EventDate "2014.10.06"]
[EventType "swiss"]
[EventRounds "13"]
[EventCountry "IND"]

1. e4 c5 2. Nf3 e6 3. b3 d5 4. exd5 exd5 5. Bb2 Nf6 6. Be2 Be7 7. d4 b6 8. O-O
O-O 9. Ne5 Bb7 10. Nd2 Nc6 11. Ndf3 Qc7 12. Bd3 Nxd4 13. Bxd4 cxd4 14. h3 Bb4
15. Ng4 Nxg4 16. hxg4 Bc3 17. Rb1 Qf4 18. Nh2 Rae8 19. g3 Qd6 20. Kg2 Bc8 21.
Rh1 g6 22. Qc1 Qf6 23. Qh6 Qg7 24. Qf4 f5 25. g5 Bb7 26. Qd6 Qe5 27. Qxe5 Rxe5
28. f4 Re7 29. a4 a5 30. Nf3 Ra8 31. Rbd1 Ba6 32. Bxa6 Rxa6 33. Nxd4 Ra8 34.
Nb5 Re2+ 35. Kh3 Rxc2 36. Rxd5 Re8 37. Rhd1 Bb4 38. Rd8 Rce2 39. Nc7 Rxd8 40.
Rxd8+ Kg7 41. Rd3 Kf7 42. Nd5 Bc5 43. g4 Kg7 44. Nc7 Re3+ 45. Rxe3 Bxe3 46. Kg3
Kf7 47. Nd5 Bd4 48. gxf5 gxf5 49. Kf3 Ke6 50. Ne3 Bxe3 51. Kxe3 Kd5 52. Kd3 Kc5
53. Kc3 b5 54. axb5 Kxb5 55. Kd3 Kb4 1/2-1/2

[Event "WCh U20 Girls"]
[Site "Pune"]
[Date "2014.10.17"]
[Round "11"]
[White "Pustovoitova, Daria"]
[Black "Khademalsharieh, Sarasadat"]
[Result "1/2-1/2"]
[WhiteElo "2354"]
[BlackElo "2366"]
[PlyCount "64"]
[EventDate "2014.10.06"]
[EventType "swiss"]
[EventRounds "13"]
[EventCountry "IND"]

1. d4 Nf6 2. c4 e6 3. g3 d5 4. Nf3 Bb4+ 5. Bd2 Bd6 6. Bg2 c6 7. Qc2 Nbd7 8. O-O
O-O 9. Rd1 Ne4 10. Nc3 f5 11. Bf4 Bxf4 12. gxf4 Rf6 13. e3 Qe8 14. Ne2 Rh6 15.
Ng3 Nf8 16. Ne5 Qe7 17. Nxe4 fxe4 18. f3 exf3 19. Bxf3 Bd7 20. Kh1 Be8 21. cxd5
exd5 22. Rg1 Bh5 23. Bxh5 Rxh5 24. f5 Kh8 25. Rg2 Nd7 26. Rag1 Nxe5 27. dxe5
Qxe5 28. Rxg7 Qxg7 29. Rxg7 Kxg7 30. Qb3 Rf8 31. e4 dxe4 32. Qg3+ Kh6 1/2-1/2

[Event "WCh U20 Girls"]
[Site "Pune"]
[Date "2014.10.17"]
[Round "11"]
[White "Srija, Seshadri"]
[Black "Nandhidhaa, Pv"]
[Result "1-0"]
[WhiteElo "2099"]
[BlackElo "2174"]
[PlyCount "81"]
[EventDate "2014.10.06"]
[EventType "swiss"]
[EventRounds "13"]
[EventCountry "IND"]

1. e4 e5 2. Nf3 d6 3. d4 exd4 4. Nxd4 Nf6 5. Nc3 Be7 6. g3 O-O 7. Bg2 Re8 8.
O-O Bf8 9. f4 Na6 10. Re1 c6 11. h3 Nc5 12. b4 Ne6 13. Rb1 Qc7 14. Be3 g6 15.
b5 Bd7 16. Qd2 Nc5 17. Bf2 Rad8 18. g4 Qa5 19. Rbd1 Bg7 20. Bh4 Qc7 21. Qf2 Rc8
22. e5 dxe5 23. fxe5 Nxg4 24. hxg4 Bxe5 25. Nf5 gxf5 26. Qxc5 b6 27. Qc4 Be6
28. Qd3 cxb5 29. Nxb5 Qc5+ 30. Bf2 Bc4 31. Bxc5 Bxd3 32. cxd3 Rxc5 33. Kh1 Re7
34. Nd4 fxg4 35. Nf5 Re6 36. d4 Bxd4 37. Nxd4 Rh6+ 38. Kg1 Rg6 39. Re7 h5 40.
Be4 Rgg5 41. Ne6 1-0

[Event "WCh U20 Girls"]
[Site "Pune"]
[Date "2014.10.17"]
[Round "11"]
[White "Petrukhina, Irina"]
[Black "Arabidze, Meri"]
[Result "0-1"]
[WhiteElo "2218"]
[BlackElo "2409"]
[PlyCount "84"]
[EventDate "2014.10.06"]
[EventType "swiss"]
[EventRounds "13"]
[EventCountry "IND"]

1. d4 d6 2. Nf3 g6 3. c4 Bg7 4. Nc3 Bg4 5. d5 e5 6. e4 Nd7 7. Be2 Bxf3 8. Bxf3
a5 9. Be3 Bh6 10. Bxh6 Nxh6 11. Qd2 Ng8 12. O-O Nc5 13. Rab1 Nf6 14. Qh6 Rg8
15. Qe3 Qe7 16. b3 Kf8 17. a3 Kg7 18. b4 Na6 19. Rfc1 axb4 20. axb4 c5 21. dxc6
bxc6 22. b5 cxb5 23. cxb5 Nc5 24. Be2 Qe6 25. f3 Rgb8 26. Rb4 Ra3 27. Bc4 Qc8
28. Qe2 Nd3 29. Qxd3 Qc5+ 30. Kf1 Qxb4 31. Nd5 Qc5 32. Qd1 Nxd5 33. Qxd5 Qxd5
34. exd5 Rc8 35. b6 Rb3 36. Bxb3 Rxc1+ 37. Kf2 Rb1 38. Ba4 Rxb6 39. Bc6 Rb2+
40. Kg3 f5 41. h4 Kf6 42. Bd7 e4 0-1

[Event "WCh U20 Girls"]
[Site "Pune"]
[Date "2014.10.17"]
[Round "11"]
[White "Iwanow, Anna"]
[Black "Gevorgyan, Maria"]
[Result "1-0"]
[WhiteElo "2279"]
[BlackElo "2160"]
[PlyCount "113"]
[EventDate "2014.10.06"]
[EventType "swiss"]
[EventRounds "13"]
[EventCountry "IND"]

1. e4 e5 2. Nf3 Nf6 3. Nxe5 d6 4. Nf3 Nxe4 5. Nc3 Nxc3 6. dxc3 Be7 7. Bf4 Nd7
8. Qd2 O-O 9. O-O-O Nc5 10. h4 Be6 11. Kb1 Qd7 12. Nd4 Qa4 13. Nxe6 fxe6 14.
Be3 Ne4 15. Qe1 d5 16. f3 Nf6 17. Bd4 Qd7 18. g4 c5 19. Be5 Rac8 20. c4 b5 21.
cxb5 c4 22. Bc3 Ne8 23. g5 Nd6 24. Bh3 Nf5 25. Qe2 Bd6 26. h5 Rce8 27. h6 g6
28. Qf2 Qxb5 29. Bxf5 Rxf5 30. Qxa7 Re7 31. Qd4 Be5 32. Qe3 Bf4 33. Qd4 Be5 34.
Qe3 Bxc3 35. Qxc3 e5 36. Rhe1 d4 37. Qa3 Rb7 38. b3 cxb3 39. cxb3 Qd5 40. Rc1
Rf8 41. Rc5 Qxf3 42. Rcxe5 Qd3+ 43. Ka1 Rbf7 44. Re8 Qc3+ 45. Qb2 Qc5 46. R8e5
Qxe5 47. Rxe5 Rf1+ 48. Qb1 Rxb1+ 49. Kxb1 Rf2 50. a4 Kf7 51. a5 d3 52. Kc1 Ra2
53. b4 Ra4 54. Kd2 Rxb4 55. Kxd3 Rb1 56. Kc4 Rb2 57. Kc5 1-0

[Event "WCh U20 Girls"]
[Site "Pune"]
[Date "2014.10.17"]
[Round "11"]
[White "Mona, Khaled"]
[Black "Ibrahimova, Sabina"]
[Result "0-1"]
[WhiteElo "2191"]
[BlackElo "2271"]
[PlyCount "58"]
[EventDate "2014.10.06"]
[EventType "swiss"]
[EventRounds "13"]
[EventCountry "IND"]

1. d4 Nf6 2. c4 g6 3. Nc3 Bg7 4. e4 d6 5. f3 O-O 6. Be3 c5 7. d5 e6 8. dxe6
Bxe6 9. Qd2 Nc6 10. Rd1 Qa5 11. Rc1 a6 12. b3 b5 13. cxb5 axb5 14. Bxb5 Nb4 15.
Ba4 c4 16. Rb1 Ng4 17. fxg4 Nd3+ 18. Kf1 Bxc3 19. Qc2 Bg7 20. Nf3 Rfc8 21. Qe2
Rab8 22. Ne1 Nc5 23. Bxc5 Rxc5 24. g3 d5 25. exd5 Bxd5 26. Nf3 cxb3 27. Bxb3
Bc4 28. Bxc4 Rxb1+ 29. Kg2 Rb2 0-1

[Event "WCh U20 Girls"]
[Site "Pune"]
[Date "2014.10.17"]
[Round "11"]
[White "Fronda, Jan Jodilyn"]
[Black "Nguyen, Thi Mai Hung"]
[Result "1/2-1/2"]
[WhiteElo "2127"]
[BlackElo "2299"]
[PlyCount "104"]
[EventDate "2014.10.06"]
[EventType "swiss"]
[EventRounds "13"]
[EventCountry "IND"]

1. e4 e6 2. d4 d5 3. Nd2 dxe4 4. Nxe4 Nd7 5. Nf3 Ngf6 6. Nxf6+ Nxf6 7. Bd3 c5
8. Be3 Qc7 9. Qe2 a6 10. O-O Be7 11. c4 O-O 12. Rfd1 b6 13. Bg5 Bb7 14. Qe5 Bd6
15. Qe2 Be7 16. Qe5 Rac8 17. d5 Qxe5 18. Nxe5 exd5 19. cxd5 Nxd5 20. Bxe7 Nxe7
21. Nd7 Rfd8 22. Nxb6 Rc6 23. Be4 Rcd6 24. Rxd6 Rxd6 25. Nc4 Rd7 26. Ne5 Rc7
27. Rd1 g6 28. Rd7 Rxd7 29. Nxd7 Bxe4 30. Nf6+ Kg7 31. Nxe4 c4 32. Nd6 c3 33.
bxc3 f5 34. Ne8+ Kf7 35. Nc7 a5 36. Kf1 Kf6 37. f4 Nc6 38. Ke2 Ke7 39. Nb5 Nd8
40. Ke3 a4 41. Kd4 Ne6+ 42. Ke5 Nc5 43. g3 h5 44. c4 h4 45. Nc3 h3 46. Kd4 Kd6
47. Nb5+ Kc6 48. Na7+ Kd6 49. Nc8+ Kc6 50. Ne7+ Kd6 51. Nc8+ Kc6 52. Ne7+ Kd6
1/2-1/2

[Event "WCh U20 Girls"]
[Site "Pune"]
[Date "2014.10.17"]
[Round "11"]
[White "Brunello, Marina"]
[Black "Vaishali, R."]
[Result "1-0"]
[WhiteElo "2275"]
[BlackElo "2120"]
[PlyCount "125"]
[EventDate "2014.10.06"]
[EventType "swiss"]
[EventRounds "13"]
[EventCountry "IND"]

1. d4 Nf6 2. c4 e6 3. Nf3 d5 4. g3 Be7 5. Bg2 O-O 6. O-O dxc4 7. Qc2 a6 8. Qxc4
b5 9. Qc2 Bb7 10. Bd2 Be4 11. Qc1 Nbd7 12. Ba5 Rc8 13. Nbd2 Ba8 14. Qc2 Bd6 15.
b4 e5 16. e4 Qe7 17. a3 exd4 18. Nxd4 Be5 19. Nf5 Qe6 20. Rac1 c5 21. bxc5 Rxc5
22. Qb1 g6 23. Rxc5 Nxc5 24. Bb4 Nfd7 25. Ne3 Bd4 26. Nd5 Bxd5 27. exd5 Qb6 28.
Nf3 Bg7 29. Bd2 Na4 30. Ng5 h6 31. Ne4 f5 32. Be3 Bd4 33. Bxh6 fxe4 34. Bxf8
Nc3 35. Qc2 Nxf8 36. Bxe4 Qd6 37. Qd3 Bg7 38. f4 Qxa3 39. f5 gxf5 40. Rxf5 Qc5+
41. Kg2 Qc4 42. Qxc4 bxc4 43. Bc2 Nb5 44. Rf2 Nd6 45. g4 Nd7 46. g5 Nb6 47. h4
Nxd5 48. Rd2 Ne3+ 49. Kf3 Ndf5 50. Be4 c3 51. Rd8+ Bf8 52. Kf4 c2 53. Bxc2 Nxc2
54. Kxf5 Ne3+ 55. Kf6 Ng4+ 56. Ke6 Nf2 57. h5 Nh3 58. Kf6 Nf4 59. h6 Nh5+ 60.
Kg6 Nf4+ 61. Kf5 Nh5 62. Kg4 Ng7 63. Rxf8+ 1-0

[Event "WCh U20 Girls"]
[Site "Pune"]
[Date "2014.10.17"]
[Round "11"]
[White "Kurbonboeva, Sarvinoz"]
[Black "Pujari, Rucha"]
[Result "1-0"]
[WhiteElo "2212"]
[BlackElo "2113"]
[PlyCount "85"]
[EventDate "2014.10.06"]
[EventType "swiss"]
[EventRounds "13"]
[EventCountry "IND"]

1. d4 d5 2. c4 e6 3. Nc3 c6 4. e3 Bd6 5. Nf3 f5 6. Be2 Nf6 7. Ne5 O-O 8. O-O
Qe7 9. f4 Ne4 10. Nxe4 fxe4 11. Bd2 Nd7 12. Rc1 a5 13. Be1 Nxe5 14. fxe5 Rxf1+
15. Bxf1 Bc7 16. Qg4 Bd8 17. h4 Bd7 18. Be2 c5 19. Qg3 Rc8 20. Bf2 Rc6 21. b3
cxd4 22. exd4 Qa3 23. Be3 Be8 24. Rf1 Rc7 25. Bg4 dxc4 26. Bxe6+ Bf7 27. Rxf7
Rxf7 28. Qf4 Qe7 29. Bxc4 Kf8 30. Bxf7 Qxf7 31. Qxe4 Qh5 32. Bf2 Qd1+ 33. Kh2
Qh5 34. d5 Qg6 35. Qxg6 hxg6 36. Kg3 g5 37. hxg5 Bxg5 38. Kg4 Bd2 39. Kf5 Kf7
40. e6+ Ke8 41. d6 Bb4 42. d7+ Ke7 43. Bh4+ 1-0

[Event "WCh U20 Girls"]
[Site "Pune"]
[Date "2014.10.17"]
[Round "11"]
[White "Ivana Maria, Furtado"]
[Black "Gu, Tianlu"]
[Result "1-0"]
[WhiteElo "2165"]
[BlackElo "2055"]
[PlyCount "107"]
[EventDate "2014.10.06"]
[EventType "swiss"]
[EventRounds "13"]
[EventCountry "IND"]

1. Nf3 d5 2. b3 Bg4 3. e3 Nd7 4. Bb2 e6 5. Be2 Ngf6 6. d4 Bxf3 7. Bxf3 c6 8.
Nd2 Bd6 9. c4 O-O 10. O-O e5 11. cxd5 cxd5 12. dxe5 Bxe5 13. Qb1 Qc7 14. Rc1
Qd6 15. Nf1 Rfc8 16. Rd1 Rc7 17. Bxe5 Qxe5 18. Qd3 Nc5 19. Qd4 Qxd4 20. Rxd4
Nce4 21. Bxe4 dxe4 22. Rad1 g6 23. Ng3 Re8 24. h3 Kg7 25. R1d2 h5 26. Ra4 h4
27. Ne2 a6 28. Rb4 Rec8 29. a4 Rc2 30. Rxc2 Rxc2 31. Kf1 Rb2 32. Nc3 a5 33.
Rxb7 Rc2 34. Nb5 Rb2 35. Nc3 g5 36. Rb5 Kg6 37. Nd1 Ra2 38. Rxa5 g4 39. hxg4
Nxg4 40. Rd5 f6 41. a5 f5 42. b4 Kf6 43. Ke1 Ne5 44. Nc3 Rc2 45. Na4 Nd3+ 46.
Rxd3 exd3 47. a6 Ra2 48. Nc5 d2+ 49. Ke2 d1=Q+ 50. Kxd1 Rxf2 51. b5 Rxg2 52. a7
h3 53. a8=Q Rg1+ 54. Kc2 1-0

[Event "WCh U20 Girls"]
[Site "Pune"]
[Date "2014.10.17"]
[Round "11"]
[White "Frayna, Janelle Mae"]
[Black "Gelip, Ioana"]
[Result "0-1"]
[WhiteElo "2140"]
[BlackElo "2154"]
[PlyCount "86"]
[EventDate "2014.10.06"]
[EventType "swiss"]
[EventRounds "13"]
[EventCountry "IND"]

1. d4 Nf6 2. c4 e6 3. Nc3 Bb4 4. e3 O-O 5. Nge2 d5 6. a3 Be7 7. cxd5 exd5 8.
Nf4 c6 9. Bd3 Nbd7 10. O-O Bd6 11. f3 Nb6 12. Kh1 Re8 13. e4 dxe4 14. fxe4 Bxf4
15. Bxf4 Bg4 16. Qb1 Qxd4 17. e5 Nh5 18. Bxh7+ Kh8 19. Be4 Nd5 20. Bxd5 cxd5
21. Nb5 Qa4 22. Nd6 Nxf4 23. Nxe8 Rxe8 24. Qe1 Nd3 25. Qh4+ Kg8 26. h3 Bd7 27.
b4 Qc2 28. Qd4 Qc4 29. Qxa7 Bc6 30. Qe3 Rxe5 31. Qg3 d4 32. Rad1 Re3 33. Qh4
Qc2 34. Qd8+ Re8 35. Qg5 Nf2+ 36. Rxf2 Qxf2 37. b5 f6 38. Qg4 Re1+ 39. Rxe1
Qxe1+ 40. Kh2 Qe5+ 41. Kg1 Bxb5 42. Qc8+ Kh7 43. Qxb7 d3 0-1

[Event "WCh U20 Girls"]
[Site "Pune"]
[Date "2014.10.17"]
[Round "11"]
[White "Michelle Catherina, P."]
[Black "Potluri, Supreetha"]
[Result "1/2-1/2"]
[WhiteElo "2099"]
[BlackElo "1738"]
[PlyCount "130"]
[EventDate "2014.10.06"]
[EventType "swiss"]
[EventRounds "13"]
[EventCountry "IND"]

1. e4 c5 2. Nf3 e6 3. d4 cxd4 4. Nxd4 Nc6 5. Nc3 Qc7 6. Be3 a6 7. Qd2 Nf6 8.
O-O-O Bb4 9. f3 O-O 10. g4 b5 11. g5 Nh5 12. Kb1 Bb7 13. a3 Be7 14. Nce2 Nxd4
15. Bxd4 Rac8 16. Bc3 d5 17. Ng3 Nf4 18. Ba5 Qe5 19. h4 Ng6 20. Qe1 Bd6 21. Nh5
dxe4 22. Bc3 Rxc3 23. Qxc3 Qxc3 24. bxc3 Be5 25. f4 Bxc3 26. Bg2 Bd5 27. Rh3 b4
28. f5 Ne5 29. Nf4 Rd8 30. Nxd5 Rxd5 31. Rxd5 exd5 32. axb4 Bxb4 33. Rb3 Bf8
34. Rb8 Nf3 35. g6 hxg6 36. fxg6 Nxh4 37. gxf7+ Kxf7 38. Bf1 Bd6 39. Rd8 Ke7
40. Rg8 Kf6 41. Bxa6 d4 42. Re8 Kf5 43. Bb7 Be5 44. Bc8+ Kf4 45. Kc1 Nf3 46.
Kd1 Ke3 47. Bg4 Bf4 48. Bf5 Ne5 49. Ra8 Nc4 50. Be6 Nd6 51. Bg4 Kf2 52. Rf8 g5
53. Be2 d3 54. cxd3 Nb5 55. Rc8 Be5 56. dxe4 Nc3+ 57. Rxc3 Bxc3 58. Bg4 Ke3 59.
Bf5 Be5 60. Kc2 Kf4 61. Kd3 g4 62. Bxg4 Kxg4 63. Kc4 Kf4 64. Kd5 Bb8 65. e5
Bxe5 1/2-1/2

[Event "WCh U20 Girls"]
[Site "Pune"]
[Date "2014.10.17"]
[Round "11"]
[White "Madhurima, Shekhar"]
[Black "Monpeurt, Cyrielle"]
[Result "0-1"]
[WhiteElo "2000"]
[BlackElo "2115"]
[PlyCount "96"]
[EventDate "2014.10.06"]
[EventType "swiss"]
[EventRounds "13"]
[EventCountry "IND"]

1. e4 c5 2. Nc3 Nc6 3. f4 e6 4. Nf3 a6 5. d4 cxd4 6. Nxd4 Nxd4 7. Qxd4 b5 8.
Be3 Bb7 9. Be2 Rc8 10. a3 Nf6 11. Bf3 Rc4 12. Qd3 Qc7 13. O-O b4 14. axb4 Bxb4
15. Ra4 O-O 16. Na2 a5 17. c3 Bc5 18. Rxc4 Bxe3+ 19. Kh1 Qb6 20. Ra4 Bxf4 21.
b4 Ba6 22. c4 d5 23. exd5 exd5 24. Bxd5 Nxd5 25. Qxd5 Bb7 26. bxa5 Qh6 27. Rxf4
Qxf4 28. Qd1 Re8 29. Kg1 Qe3+ 30. Kf1 h6 31. Nc1 Re4 32. Ne2 Re6 33. Qd8+ Kh7
34. Ra2 Qe4 35. Rb2 Qxg2+ 36. Ke1 Qg1+ 37. Kd2 Rxe2+ 38. Kxe2 Qxh2+ 39. Ke1
Qxb2 40. Qd3+ g6 41. Qd7 Kg7 42. c5 Ba6 43. Qe7 Qb4+ 44. Kd1 Qxa5 45. Qe5+ Kh7
46. Qf6 Bc4 47. c6 Qd5+ 48. Kc1 Qe6 0-1

[Event "WCh U20 Girls"]
[Site "Pune"]
[Date "2014.10.17"]
[Round "11"]
[White "Mahalakshmi, M."]
[Black "Varshini, V."]
[Result "1-0"]
[WhiteElo "2083"]
[BlackElo "2066"]
[PlyCount "73"]
[EventDate "2014.10.06"]
[EventType "swiss"]
[EventRounds "13"]
[EventCountry "IND"]

1. d4 d5 2. c4 e6 3. Nc3 Nf6 4. cxd5 exd5 5. Bg5 Be7 6. e3 O-O 7. Qc2 h6 8. Bh4
Nbd7 9. Bd3 b6 10. Nf3 Bb7 11. O-O c5 12. Rad1 c4 13. Bf5 a6 14. Ne5 b5 15. a3
Re8 16. f4 Nf8 17. Kh1 Qb6 18. Rf3 a5 19. g4 Ne4 20. Bxe7 Rxe7 21. Nxd5 Bxd5
22. Bxe4 Rd8 23. Bxd5 Rxd5 24. g5 hxg5 25. fxg5 Qb7 26. Rdf1 Ne6 27. Qg2 Nd8
28. g6 f6 29. Qh3 Rexe5 30. dxe5 Rxe5 31. Qh7+ Kf8 32. Qh8+ Ke7 33. Qxg7+ Ke8
34. Qxf6 Rxe3 35. g7 Qd5 36. g8=Q+ Qxg8 37. Rxe3+ 1-0

[Event "WCh U20 Girls"]
[Site "Pune"]
[Date "2014.10.17"]
[Round "11"]
[White "Monnisha, Gk"]
[Black "Shweta, Gole"]
[Result "1-0"]
[WhiteElo "2069"]
[BlackElo "1881"]
[PlyCount "89"]
[EventDate "2014.10.06"]
[EventType "swiss"]
[EventRounds "13"]
[EventCountry "IND"]

1. e4 e6 2. d4 d5 3. Nc3 Nf6 4. Bg5 Be7 5. e5 Nfd7 6. Bxe7 Qxe7 7. f4 a6 8. Nf3
c5 9. dxc5 Qxc5 10. Qd2 Nc6 11. O-O-O b5 12. Bd3 Rb8 13. Ne2 Nb6 14. Kb1 a5 15.
Ned4 Nxd4 16. Nxd4 Nc4 17. Bxc4 bxc4 18. Ka1 Bd7 19. g4 a4 20. f5 c3 21. bxc3
h6 22. Rhf1 Kd8 23. Rb1 Kc7 24. Qe3 Qa5 25. fxe6 fxe6 26. Rf7 Rxb1+ 27. Kxb1
Rb8+ 28. Kc1 Qa6 29. Qd3 Qb6 30. Rxg7 Rd8 31. Qb5 Qxb5 32. Nxb5+ Kb6 33. Nd6 a3
34. c4 d4 35. Kd2 Ba4 36. Rb7+ Ka6 37. Rb4 Ka5 38. c3 dxc3+ 39. Kxc3 Bc6 40. c5
Bd5 41. c6 Rf8 42. c7 Rf3+ 43. Kd4 Kxb4 44. c8=Q Rf2 45. Qc5+ 1-0

[Event "WCh U20 Girls"]
[Site "Pune"]
[Date "2014.10.17"]
[Round "11"]
[White "Ni, Shiqun"]
[Black "Sviridova, Vlada"]
[Result "1-0"]
[WhiteElo "2312"]
[BlackElo "2069"]
[PlyCount "65"]
[EventDate "2014.10.06"]
[EventType "swiss"]
[EventRounds "13"]
[EventCountry "IND"]

1. e4 e6 2. d4 d5 3. Nd2 c5 4. exd5 Qxd5 5. Ngf3 cxd4 6. Bc4 Qd6 7. O-O Nf6 8.
Nb3 Nc6 9. Nbxd4 Nxd4 10. Nxd4 Be7 11. b3 O-O 12. Bb2 Qf4 13. Nf3 Rd8 14. Qe2
Bd7 15. Ne5 Be8 16. Bd3 Bc5 17. Rad1 Rac8 18. c4 Kh8 19. Bb1 Qh4 20. Bc3 Qh5
21. Qxh5 Nxh5 22. g3 Bd6 23. Be4 b5 24. Ba5 Nf6 25. Bb7 Bxe5 26. Rxd8 Rxd8 27.
Bxd8 bxc4 28. bxc4 Kg8 29. c5 Nd5 30. Rc1 Bc7 31. Bxd5 Bxd8 32. Rb1 Kf8 33. Bf3
1-0

[Event "WCh U20 Girls"]
[Site "Pune"]
[Date "2014.10.17"]
[Round "11"]
[White "Varga, Klara"]
[Black "Hinduja, Reddy"]
[Result "1/2-1/2"]
[WhiteElo "2232"]
[BlackElo "1934"]
[PlyCount "114"]
[EventDate "2014.10.06"]
[EventType "swiss"]
[EventRounds "13"]
[EventCountry "IND"]

1. b3 c5 2. Bb2 Nf6 3. c4 d6 4. e3 g6 5. Bxf6 exf6 6. Nc3 Bg7 7. g3 O-O 8. Bg2
f5 9. Nge2 Nd7 10. O-O Nf6 11. d4 Rb8 12. Qd3 b6 13. Rad1 Ba6 14. Rd2 Qe7 15.
Nf4 cxd4 16. Ncd5 Nxd5 17. Nxd5 Qd7 18. exd4 b5 19. c5 Bb7 20. Nb4 Be4 21. Qe3
Rfe8 22. c6 Qc8 23. Bxe4 Rxe4 24. Qc3 Qe6 25. Rfd1 f4 26. Qf3 d5 27. Na6 Re1+
28. Kg2 Rxd1 29. Rxd1 Rc8 30. Nb4 fxg3 31. hxg3 Bf8 32. Nxd5 Qxc6 33. Rh1 Kg7
34. Rh4 h6 35. a4 bxa4 36. bxa4 Rd8 37. Ne3 Qxf3+ 38. Kxf3 f5 39. d5 Bc5 40.
Rc4 Bb6 41. Rc6 Bxe3 42. Kxe3 Rxd5 43. Rc7+ Kf6 44. Rxa7 Rd1 45. a5 Ra1 46.
Ra6+ Kg5 47. Kf3 Ra4 48. Ra8 f4 49. Kg2 fxg3 50. Kxg3 h5 51. a6 h4+ 52. Kg2 Ra3
53. a7 Ra2 54. Kh3 Ra3+ 55. Kg2 Ra2 56. Kh3 Ra3+ 57. Kg2 Ra2 1/2-1/2

[Event "WCh U20 Girls"]
[Site "Pune"]
[Date "2014.10.17"]
[Round "11"]
[White "San Diego, Marie Antoinette"]
[Black "Ivekovic, Tihana"]
[Result "1-0"]
[WhiteElo "2033"]
[BlackElo "2122"]
[PlyCount "75"]
[EventDate "2014.10.06"]
[EventType "swiss"]
[EventRounds "13"]
[EventCountry "IND"]

1. d4 d5 2. Nf3 Nf6 3. Bf4 c5 4. dxc5 Nc6 5. c3 a5 6. Na3 e5 7. Nxe5 Bxc5 8. e3
Bxa3 9. bxa3 O-O 10. Bb5 Nxe5 11. Bxe5 Ng4 12. Bg3 Qe7 13. a4 Be6 14. O-O Rfc8
15. Rc1 Nf6 16. Bh4 Rc7 17. Qd4 Rac8 18. Rfd1 Rc5 19. f3 h6 20. Be1 Bd7 21. Bf1
Qe8 22. Bd2 Bxa4 23. Re1 Bb5 24. Rb1 Bxf1 25. Rxf1 b5 26. Rb2 Nd7 27. c4 bxc4
28. Bc3 f6 29. Rfb1 Ne5 30. Rb7 Qg6 31. Qf4 Nd3 32. Qd6 Nb4 33. Rd1 Qc2 34.
Rxg7+ Kh8 35. Qxf6 Qxd1+ 36. Kf2 Qc2+ 37. Kg3 R5c6 38. Rh7+ 1-0

[Event "WCh U20 Girls"]
[Site "Pune"]
[Date "2014.10.17"]
[Round "11"]
[White "Saranya, J."]
[Black "Aakanksha, Hagawane"]
[Result "1-0"]
[WhiteElo "2107"]
[BlackElo "1926"]
[PlyCount "87"]
[EventDate "2014.10.06"]
[EventType "swiss"]
[EventRounds "13"]
[EventCountry "IND"]

1. e4 e6 2. Nf3 d5 3. Nc3 Nf6 4. e5 Nfd7 5. d4 c5 6. dxc5 Nc6 7. Bf4 Bxc5 8.
Bd3 f6 9. exf6 Nxf6 10. Qe2 O-O 11. Ne5 Bd7 12. Nxc6 bxc6 13. Be5 Qe7 14. O-O-O
Bd6 15. f4 Rab8 16. Rhf1 Rb6 17. g4 Rfb8 18. g5 Bxe5 19. fxe5 Ne4 20. Nxe4 dxe4
21. Qxe4 Qxg5+ 22. Rd2 g6 23. b3 Rf8 24. Rxf8+ Kxf8 25. h4 Qh6 26. Be2 Be8 27.
Qf3+ Bf7 28. Kd1 Rb8 29. Rd7 Qg7 30. Rxa7 Rd8+ 31. Kc1 Kg8 32. Bc4 Rf8 33. Qf6
Qh6+ 34. Qg5 Qg7 35. Bxe6 h6 36. Qf4 g5 37. Bxf7+ Rxf7 38. Ra8+ Rf8 39. Rxf8+
Qxf8 40. Qxf8+ Kxf8 41. hxg5 hxg5 42. Kd2 Ke7 43. a4 Ke6 44. a5 1-0

[Event "WCh U20 Girls"]
[Site "Pune"]
[Date "2014.10.17"]
[Round "11"]
[White "Gueci, Tea"]
[Black "Tejaswini, Sagar"]
[Result "1-0"]
[WhiteElo "2099"]
[BlackElo "1876"]
[PlyCount "139"]
[EventDate "2014.10.06"]
[EventType "swiss"]
[EventRounds "13"]
[EventCountry "IND"]

1. e4 d5 2. exd5 Nf6 3. Bb5+ Nbd7 4. Nc3 a6 5. Be2 Nb6 6. Nf3 Nbxd5 7. Nxd5
Nxd5 8. d4 g6 9. c4 Nb6 10. O-O Bg7 11. h3 O-O 12. Be3 Bf5 13. Qb3 Rb8 14. Rfd1
Re8 15. a4 h5 16. Nh4 e6 17. Nxf5 exf5 18. Bf3 Qc8 19. Bg5 Nd7 20. Bf4 Nf6 21.
Be5 Ne4 22. Bxg7 Kxg7 23. d5 Qd7 24. Qd3 Qd6 25. Re1 Nc5 26. Qc3+ Qf6 27. Qa3
Ne4 28. Bxe4 Rxe4 29. Rxe4 fxe4 30. Re1 Re8 31. Qc5 Qb6 32. Qxb6 cxb6 33. Re3
b5 34. axb5 axb5 35. c5 Re5 36. c6 bxc6 37. dxc6 b4 38. c7 Rc5 39. Rxe4 Rxc7
40. Rxb4 Rc2 41. g3 Kf6 42. h4 Ke6 43. Kg2 Ke5 44. Rb7 Ke6 45. b4 Rb2 46. Kf3
Kf6 47. b5 Kg7 48. b6 Kf6 49. Rb8 Kg7 50. Ke4 Rxf2 51. Kd5 Rg2 52. Re8 Rd2+ 53.
Kc6 Rc2+ 54. Kd7 Rb2 55. Kc7 Rc2+ 56. Kb8 Rc3 57. Rc8 Rxg3 58. b7 Rb3 59. Kc7
g5 60. hxg5 h4 61. b8=Q Rxb8 62. Rxb8 f6 63. gxf6+ Kxf6 64. Rb5 Kg6 65. Kd6 h3
66. Ke6 h2 67. Rb1 Kg5 68. Rh1 Kg4 69. Rxh2 Kg3 70. Rh5 1-0

[Event "WCh U20 Girls"]
[Site "Pune"]
[Date "2014.10.17"]
[Round "11"]
[White "Liu, Manli  Chn"]
[Black "Pratyusha, Bodda"]
[Result "0-1"]
[WhiteElo "2039"]
[BlackElo "2078"]
[PlyCount "62"]
[EventDate "2014.10.06"]
[EventType "swiss"]
[EventRounds "13"]
[EventCountry "IND"]

1. e4 e5 2. Nf3 Nc6 3. Bb5 Nf6 4. d3 Bc5 5. O-O O-O 6. c3 d6 7. Nbd2 a6 8. Ba4
Ba7 9. Bb3 Ne7 10. Re1 Ng6 11. Nf1 h6 12. Ng3 d5 13. exd5 Re8 14. c4 Ng4 15. d4
exd4 16. Rxe8+ Qxe8 17. h3 N4e5 18. Nxd4 Bxh3 19. Nge2 Qd7 20. Be3 Bg4 21. Qf1
Re8 22. Ng3 Nh4 23. Bd1 Bxd1 24. Rxd1 Ng4 25. Bc1 Qe7 26. Qd3 Qf6 27. Ne4 Qg6
28. Ng3 Qxd3 29. Rxd3 Re1+ 30. Nf1 Rxc1 31. b3 Nf5 0-1